Indovina lo scrittore dalla sua opera - Statistics

Statistiche generali
  • Questo quiz è stato fatto 580 volte
  • Il punteggio medio è 17 su 20
Statistiche sulle risposte
Hint Risposta % Corretto
Promessi Sposi Alessandro Manzoni
95%
Divina Commedia Dante Alighieri
95%
Harry Potter J. K. Rowling
93%
Romeo e Giulietta William Shakespeare
93%
L'infinito Giacomo Leopardi
91%
Decameron Giovanni Boccaccio
91%
Commissario Montalbano Andrea Camilleri
89%
Il fu Mattia Pascal Luigi Pirandello
89%
La Metamorfosi Franz Kafka
88%
Canzoniere Francesco Petrarca
86%
Il nome della rosa Umberto Eco
86%
Il ritratto di Dorian Gray Oscar Wilde
84%
Il principe Niccolò Machiavelli
83%
Il piacere Gabriele D'Annunzio
80%
Delitto e Castigo Fëdor Dostoevskij
79%
Il barone rampante Italo Calvino
78%
I miserabili Victor Hugo
75%
Oliver Twist Charles Dickens
74%
Ulisse James Joyce
71%
Il pozzo e il pendolo Edgar Allan Poe
52%
Nessun quiz corrispondente trovato
Distribuzione punteggi
Percentuale di utenti per punteggio
Percentile per numero di risposta
I tuoi punteggi nel tempo
Non hai fatto questo quiz